| 000 | 00707nam a22001817a 4500 | ||
|---|---|---|---|
| 005 | 20251108165212.0 | ||
| 008 | 250721s1985 xx 000 0 ara d | ||
| 082 | 1 | 4 | _a609.5669/كوي |
| 100 | 1 |
_aبشاره، أحمد _eتحرير |
|
| 245 | 1 | 0 | _aدور العلم و التكنولوجيا في التنمية عن الندوة الوطنية الثانية / |
| 264 | 1 |
_aالكويت : _bشركة كاظمه للنشر و الترجمة و التوزيع، _c1985. |
|
| 300 | _a199ص | ||
| 650 | 1 | 7 | _aالتكنولوجيا |
| 650 | 1 | 7 | _aالكويت |
| 710 | 2 | _aالكويت . وزارة التخطيطي . معهد الكويت للأبحاث العلمية | |
| 942 |
_2ddc _cBK |
||
| 999 |
_c21988 _d21988 |
||